000 00613nam a2200241Ia 4500
001 15043
005 20240113235605.0
007 ta
008 051201s1946 g b000 u 465 u
040 _aCotton College,Assam
041 _a465
082 _a514
_bG 962
100 _aGurja, L.V..
245 0 _aA Course in F.Y.Trigonometry /
_cL.V.Gurja.
_hTextual Documents
250 _a1st ed. /
260 _aPoona :
_bIdeal Book Service ,
_c1946.
300 _a88p. ;
_c18cm.
653 _aTrigonometry
653 _aG-Mathematics
942 _2ddc
_cBK
999 _c15029
_d15029